Probability theory and applications

Αποθηκεύτηκε σε:
Λεπτομέρειες βιβλιογραφικής εγγραφής
Συγγραφή απο Οργανισμό/Αρχή: Graduate Summer School Program on Probability Theory
Άλλοι συγγραφείς: Hsu, Elton P. 1959- (Επιμελητής έκδοσης), Varadhan, S. R. S. (Επιμελητής έκδοσης)
Μορφή: Βιβλίο
Γλώσσα:English
Δημοσίευση: Providence, R.I. : American Mathematical Society, Institute for Advanced Study, c1999
Σειρά:IAS/Park City mathematics series ; ; 6
Θέματα:
Ετικέτες: Προσθήκη ετικέτας
Δεν υπάρχουν, Καταχωρήστε ετικέτα πρώτοι!

MARC

LEADER 00000nam a2200000 i 4500
001 1/96208
008 991214s1999 eng d
020 |a 0821805908 
035 |l 10055665 
040 |a GR-MY-UA  |b gre  |e aacr 
041 0 |a eng 
082 0 |a 519.2 
245 1 0 |a Probability theory and applications /  |c Elton P. Hsu, S.R.S. Varadhan, editors 
260 |a Providence, R.I. :   |b American Mathematical Society,   |b Institute for Advanced Study,   |c c1999 
300 |a x, 374 p.;  |b ill.;  |c 26 cm. 
490 1 |a IAS/Park City mathematics series  |v ; 6 
500 |a "Lecture notes from the Graduate Summer School Program on Program on Probability Theory, held in Princeton, NJ, on June 23-July 13, 1996" 
504 |a Includes bibliographical references 
650 0 0 |a Probabilities  |x Congresses. 
700 1 |a Hsu, Elton P.  |d 1959-  |4 edt 
700 1 |a Varadhan, S. R. S.  |4 edt 
710 2 |a Graduate Summer School Program on Probability Theory. 
830 0 |a IAS/Park City mathematics series ;  |v ; 6 
852 |a INST  |b SAMOS  |e 19991214  |h 519.2 PRO  |p 005300016270  |q 005300016270  |t BK  |y 0 
901 |a BIBL3-1999-3 
909 |a Σ  |b 067491 
922 |a 3ΕΛΗ  |b 199911  |c ΕΠΕΑΕΚ/ΜΑΘ  |d LEADER 
970 |a ΠΟΥΡΝΑΡΑΣ  |b ΔΗΜΗΤΡΗΣ  |z 1999/12/14